CM : developing, marketing, and delivering construction management services /

Bibliographic Details
Main Author: Thomsen, Charles B.
Format: Book
Language:English
Published: New York : McGraw-Hill, [1982]
Subjects:

MARC

Tag First Indicator Second Indicator Subfields
LEADER 00000pam a2200000 a 4500
001 in00000089889
005 20151008063542.0
008 810325s1982 nyua 00110 eng
010 |a  81002722  
020 |a 007064490X :  |c $24.95 
035 |a (OCoLC)07328110 
035 |9 AAK2470AM 
039 0 |a 2  |b 3  |c 3  |d 3  |e 3 
040 |a DLC  |c DLC  |d TXA  |d UtOrBLW 
049 |a TXAM  |c [932994] 
050 0 0 |a HD9715.A2  |b T49 
082 0 |a 624/.068  |2 19 
100 1 |a Thomsen, Charles B. 
245 1 0 |a CM :  |b developing, marketing, and delivering construction management services /  |c Charles B. Thomsen. 
264 1 |a New York :  |b McGraw-Hill,  |c [1982] 
264 4 |c ©1982 
300 |a x, 209 pages :  |b illustrations ;  |c 23 cm. 
336 |a text  |b txt  |2 rdacontent 
337 |a unmediated  |b n  |2 rdamedia 
338 |a volume  |b nc  |2 rdacarrier 
500 |a Spine title: construction management. 
500 |a Includes index. 
650 0 |a Construction industry  |x Management. 
650 0 |a Engineering  |x Management. 
740 0 |a Construction management. 
999 |a MARS 
999 f f |s da148402-1dad-35ed-8817-17803bd70143  |i 7bd3ae84-dde4-3f65-b095-d8139432981d  |t 0 
952 f f |p ric  |a Texas A&M University  |b Rellis Campus  |c Joint Library Facility  |d Remote Storage  |t 0  |e HD9715.A2 T49  |h Library of Congress classification  |i unmediated -- volume  |m A14823709303 
998 f f |a HD9715.A2 T49  |t 0  |l Remote Storage